[Event "Wuertemberg-ch Seniors 27th"]
[Site "Freudenstadt"]
[Date "2015.07.10"]
[Round "9"]
[White "Schuetze, Manfred"]
[Black "Schroeter, Guenter Paul"]
[Result "1/2-1/2"]
[WhiteElo "1853"]
[BlackElo "1951"]
[PlyCount "37"]
[EventDate "2015.07.03"]
[EventType "swiss"]
[EventRounds "9"]
[EventCountry "GER"]
[SourceTitle "EXT 2016"]
[Source "ChessBase"]
[SourceDate "2015.10.08"]
[SourceVersion "1"]
[SourceVersionDate "2015.10.08"]
[SourceQuality "1"]

1. e4 e6 2. d4 d5 3. Nd2 Nf6 4. e5 Nfd7 5. Bd3 c5 6. c3 Nc6 7. Ne2 cxd4 8. cxd4 Qb6 9. Nf3 f6 10. exf6 Nxf6 11. 0-0 Bd6 12. Re1 0-0 13. Bf4 Ne4 14. Bxd6 Nxd6 15. Ng3 Qd8 16. Qd2 Nf5 17. Nxf5 exf5 18. Bb5 Bd7 19. Bxc6 1/2-1/2

[Event "Baden-chB"]
[Site "Badenweiler"]
[Date "2009.06.01"]
[Round "1"]
[White "Schroeter, Guenter Paul"]
[Black "Schirowski, Constantin"]
[Result "1-0"]
[WhiteElo "1951"]
[BlackElo "1753"]
[PlyCount "70"]
[EventDate "2009.06.01"]
[EventType "swiss"]
[EventRounds "9"]
[EventCountry "GER"]
[SourceTitle "EXT 2010"]
[Source "ChessBase"]
[SourceDate "2010.11.25"]
[SourceVersion "1"]
[SourceVersionDate "2010.11.25"]
[SourceQuality "1"]

1. d4 Nf6 2. Nf3 g6 3. Nbd2 Bg7 4. e4 d6 5. Bd3 Nc6 6. c3 0-0 7. 0-0 e5 8. dxe5 dxe5 9. Qc2 Qe7 10. Re1 a6 11. Nf1 Bg4 12. Be2 b5 13. h3 Be6 14. Ne3 Rad8 15. b4 Na7 16. a4 c6 17. axb5 axb5 18. Bb2 Nh5 19. c4 Bd7 20. Rxa7 Nf4 21. Bf1 Rfe8 22. cxb5 cxb5 23. Bxb5 Qe6 24. Bxd7 Rxd7 25. Rxd7 Qxd7 26. Rd1 Qb5 27. Qc4 Qa4 28. Bxe5 Ne6 29. Qc3 Bh6 30. Ra1 Qb5 31. Nd5 Rd8 32. Nf6+ Kf8 33. Nxh7+ Kg8 34. Nf6+ Kf8 35. Nd5 Qb7 1-0